Animal Crossing: New Horizons - Alle Meerestiere - Statistiken

Allgemein
  • Dieses Quiz wurde 27 mal gespielt
  • Das Durchschnittsergebnis liegt bei 16 aus 40
Antwortstatistiken
Antwort % Korrekt
Seegurke
70%
Kammmuschel
65%
Seeigel
65%
Seeanemone
60%
Oktopus
55%
Seestern
55%
Schneekrabbe
50%
Fangschreckenkrebs
45%
Gießkannenschwamm
45%
Hummer
45%
Perlmuschel
45%
Riesenkrabbe
45%
Röhrenaal
45%
Wakame-Alge
45%
Auster
40%
Königskrabbe
40%
Miesmuschel
40%
Perlboot
40%
Gazami-Krabbe
35%
Kriechsprossalge
35%
Languste
35%
Meerstrudelwurm
35%
Ohrenqualle
35%
Regenschirm-Oktopus
35%
Seepocke
35%
Vampirtintenfisch
35%
Gigas-Riesenmuschel
30%
Kuruma-Garnele
30%
Nacktkiemer
30%
Riesenassel
30%
Seeananas
30%
Seeohr
30%
Babylon-Seeschnecke
25%
Botan-Garnele
25%
Griffelseeigel
25%
Leuchtkalmar
25%
Pazifik-Taschenkrebs
25%
Pfeilschwanzkrebs
25%
Scotoplanes
25%
Turbanschnecke
25%
Keine übereinstimmenden Quizze gefunden
Verteilung der Resultate
Anzahl Personen mit jedem Resultat
Perzentil nach korrekt beantworteten Fragen
Ihre Resultats-Entwicklung
Sie haben dieses Quiz noch nicht gespielt